000 00549nam a2200169 4500
001 144003
003 ES-MaACL
005 20230906200925.0
007 t|
008 070214s1971 sp r ||||1| spa d
100 1 _aSimón Cabarga, José.
_9106542
245 1 3 _aLa Revolución Francesa y Santander /
_cJosé Simón Cabarga.
260 _aSantander :
_bInstitución Cultural de Cantabria,
_c1971 (
_fImp. Provincial)
300 _a55 p. ;
_c25 cm.
710 2 _aInstitución Cultural de Cantabria.
_94712
852 _aES-MaACL
_j2083-F-22
_bR.80188
999 _c144003
_d144003